| 000 | 01219cam a22002415a 4500 | ||
|---|---|---|---|
| 001 | L138150 | ||
| 008 | 070518s2007 xxko f 001 0 eng d | ||
| 020 |
_a1861346581 _a9781861346582 |
||
| 035 | _a(Sirsi) u138150 | ||
| 041 | 0 | _aeng | |
| 050 | 0 | 4 | _a711.4 $2 18 |
| 100 | 1 | _aPower, Anne | |
| 245 | 0 | 0 |
_aJigsaw cities _bbig places, small spaces |
| 260 |
_aBristol _bPolicy Press _c2007 |
||
| 300 |
_axiii, 264p. _bill. _c24cm. |
||
| 350 | _a22.79 | ||
| 505 | 2 | _aHow did we get here? -- Where are we now? -- Where do we go from here? | |
| 520 | _aExplores Britain's urban and global communities as interlocking pieces of a complex jigsaw, which are hard to see apart but are also deeply unequal. Discusses how cities became so unequal and how housing and neighbourhood decay can be reversed. Uses Birmingham, as a model of pioneering urban order and a victim of Modernist planning, to explore the origins of Britain's divided cities, the reasons why one size does not fit all in the cities of the future, and the potential for smart growth, mixed communities and sustainable cities. | ||
| 651 | 4 |
_aEngland and Wales _y1543- |
|
| 690 |
_aPlanning and development _96259 |
||
| 700 | 1 | _aHoughton, John | |
| 942 | _n0 | ||
| 999 |
_c107028 _d107028 |
||